| 000 | 00911nam a2200229 4500 | ||
|---|---|---|---|
| 001 | 131748 | ||
| 003 | ES-MaACL | ||
| 005 | 20231227155439.0 | ||
| 007 | t| | ||
| 008 | 070214s1947 sp r ||||1| spa d | ||
| 100 | 1 |
_aRöpke, Wilhelm ( _d1899-1966) _999542 |
|
| 245 | 1 | 3 |
_aLa crisis social de nuestro tiempo / _cWilhelm Roepke ; [traducción directa de la 1ª edición suiza por Juan Medem Sanjuan ; revisión del texto español por Valentín Andrés Álvarez]. |
| 260 |
_aMadrid : _bRevista de Occidente, _c1947. |
||
| 300 |
_aXI, 338 p. ; _c22 cm. |
||
| 490 | 1 |
_aBiblioteca de la ciencia económica ; _v3 |
|
| 650 | 4 |
_aPolítica económica- _y1945-1989. _9167692 |
|
| 700 | 1 |
_aMedem Sanjuan, Juan. _979669 |
|
| 700 | 1 |
_aAndrés Álvarez, Valentín, _d1891-1982 _9174884 |
|
| 830 | 1 |
_aBiblioteca de la ciencia económica ; _v3 _9182033 |
|
| 852 | 4 |
_aES-MaACL _jC-4485 |
|
| 999 |
_c131748 _d131748 |
||